Most Common Female Names beginning with E in the USA - Statistics

General Stats
  • This quiz has been taken 724 times
  • The average score is 25 of 59
Answer Stats
Number Name % Correct
10 Emma
95%
3 Emily
92%
17 Ella
89%
48 Eve
89%
41 Eliza
88%
11 Eva
88%
1 Elizabeth
86%
7 Ellen
74%
13 Erin
73%
2 Evelyn
73%
9 Esther
72%
14 Erica
68%
12 Eleanor
64%
29 Elisa
64%
4 Edna
61%
5 Edith
60%
28 Elsa
59%
38 Elise
57%
46 Emilia
56%
15 Elsie
53%
22 Elena
52%
6 Ethel
52%
16 Eileen
50%
8 Elaine
50%
18 Erika
45%
30 Ebony
41%
35 Elisabeth
41%
31 Effie
39%
53 Evangeline
39%
54 Eddie
38%
32 Etta
38%
25 Eloise
36%
52 Edwina
35%
27 Essie
35%
19 Eunice
34%
23 Estelle
31%
58 Enid
30%
39 Ester
27%
56 Evangelina
27%
33 Estella
25%
36 Eugenia
25%
26 Elvira
24%
20 Erma
24%
40 Elma
23%
47 Esmerelda
19%
21 Ernestine
18%
57 Erna
15%
49 Elinor
14%
44 Ericka
13%
24 Eula
12%
34 Elva
11%
51 Earlene
9%
43 Earline
8%
59 Elba
7%
50 Earnestine
6%
37 Esperanza
5%
42 Estela
5%
45 Elnora
3%
55 Elvia
2%
No matching quizzes found
Score Distribution
Percent of People with Each Score
Percentile by Number Answered
Your Score History
You have not taken this quiz